| 000 | 01110nam a22003377a 4500 | ||
|---|---|---|---|
| 003 | CHAP | ||
| 005 | 20220329141449.0 | ||
| 008 | 971013s1986 r 00010 d | ||
| 010 | _a68591 | ||
| 011 | _a69563 | ||
| 035 | _a79040 | ||
| 040 | _cCHAP | ||
| 082 |
_a301.3599723 _bE8 |
||
| 100 | 0 | 0 |
_aEspín Díaz, Jaime L. _938120 |
| 245 | _aTierra fría, tierra de conflictos en Michoacán | ||
| 260 |
_aZamora, Mich. : _bEl Colegio de Michoacán, _c1986 |
||
| 300 | _a263 p. | ||
| 500 | _a29-229 | ||
| 590 |
_aBATCH-UPD _b10 _c20130110 _lUCH01 _h0234 |
||
| 590 |
_aBATCH-UPD _b10 _c20130110 _lUCH01 _h2314 |
||
| 590 |
_aBATCH-UPD _b10 _c20130409 _lUCH01 _h2258 |
||
| 590 |
_aBATCH-UPD _b10 _c20130410 _lUCH01 _h1605 |
||
| 590 |
_aBATCH-UPD _b10 _c20130914 _lUCH01 _h1030 |
||
| 590 |
_aCONVERSION _b10 _c20130109 _lUCH01 _h1338 |
||
| 650 | 1 | 4 |
_aConflictos sociales _xMichoacán. _926644 |
| 650 | 1 | 4 |
_aSociología rural _xMichoacán. _9108232 |
| 650 | 1 | 4 |
_aTierras _xTenencia _xMichoacán. _9113180 |
| 901 | _aBK | ||
| 942 | _cLIBRO | ||
| 949 |
_a301.3599723 E8 _bBC _cLIBRO _d33724000227286 _eLIBRO _h75469 _i79040 _si _t16.00 |
||
| 999 |
_c68591 _d68591 |
||